| 000 | 00521nam a2200181 a 4500 | ||
|---|---|---|---|
| 005 | 20140310183221.0 | ||
| 008 | 030923s19uu xx 00 eng d | ||
| 020 | _a0071230408 | ||
| 050 |
_aHF 5718 _b.L633 2003 |
||
| 100 | _aLocker, Kitty | ||
| 245 |
_aBusiness communication : _bbuilding critical skills / _cKitty O. Locker. |
||
| 260 |
_aBoston : _bMcGraw-Hill, _c2003. |
||
| 300 |
_axxi, 582p. : _bill. ; _c25 cm. |
||
| 521 | _aBSBA | ||
| 650 | _aBusiness communication | ||
| 942 |
_cBK _2lcc _kFOR |
||
| 999 |
_c20316 _d20316 |
||